[Event "Roncana op-B 13th"]
[Site "Santa Eulalia de Roncana"]
[Date "2019.10.12"]
[Round "3"]
[White "Rojas Gutierrez, Miquel"]
[Black "Barato del Alamo, Alberto"]
[Result "1-0"]
[WhiteElo "1508"]
[BlackElo "1371"]
[PlyCount "35"]
[EventDate "2019.09.28"]
[EventType "swiss"]
[EventRounds "8"]
[EventCountry "ESP"]
[SourceTitle "CBM 193 Extra"]
[Source "ChessBase"]
[SourceDate "2020.01.31"]
[SourceVersion "1"]
[SourceVersionDate "2020.01.31"]
[SourceQuality "1"]

1. d4 Nf6 2. Nf3 g6 3. g3 Bg7 4. Bg2 0-0 5. 0-0 d6 6. Nc3 c6 7. Bg5 Ne8 8. e4 f6 9. Be3 Bg4 10. Qd2 Bxf3 11. Bxf3 e5 12. Ne2 Qb6 13. dxe5 Qxb2 14. exd6 Nxd6 15. Qxd6 Qxc2 16. Nd4 Qc4 17. Ne6 Rf7 18. Nc7 1-0

[Event "Moia op 7th"]
[Site "Moia"]
[Date "2018.09.28"]
[Round "3"]
[White "Rojas Gutierrez, Miquel"]
[Black "Canovas Pardo, Jordi"]
[Result "0-1"]
[WhiteElo "1488"]
[BlackElo "1824"]
[PlyCount "102"]
[EventDate "2018.09.14"]
[EventType "swiss"]
[EventRounds "8"]
[EventCountry "ESP"]
[SourceTitle "CBM 189 Extra"]
[Source "ChessBase"]
[SourceDate "2019.06.03"]
[SourceVersion "1"]
[SourceVersionDate "2019.06.03"]
[SourceQuality "1"]

1. d4 d5 2. Nf3 Nf6 3. Nc3 Bf5 4. Bg5 e6 5. a3 Be7 6. e3 Nbd7 7. Be2 h6 8. Bf4 a6 9. h3 c5 10. 0-0 c4 11. Nd2 Rc8 12. Bf3 b5 13. e4 dxe4 14. Ncxe4 0-0 15. Ng3 Qb6 16. Nxf5 exf5 17. c3 Bd6 18. Bxd6 Qxd6 19. Qc2 g6 20. Rfe1 Rce8 21. Nf1 Nb6 22. Qd2 Kg7 23. Ng3 Nfd5 24. h4 Nf4 25. h5 Nd3 26. Rxe8 Rxe8 27. b3 Nc5 28. b4 Nb3 29. Qd1 Nxa1 30. hxg6 fxg6 31. Qxa1 Re7 32. Qc1 Nd5 33. Qc2 Qe6 34. Bxd5 Qxd5 35. Ne2 Qe4 36. Qxe4 Rxe4 37. Kf1 Kf6 38. g3 g5 39. Ng1 Re8 40. Nf3 Re7 41. Ne5 Rxe5 42. dxe5+ Kxe5 43. Ke2 h5 44. f3 h4 45. gxh4 gxh4 46. Kf2 Kf4 47. Kg2 h3+ 48. Kf2 h2 49. Kg2 h1Q+ 50. Kxh1 Kxf3 51. Kg1 Ke2 0-1